000 01128cam a2200193 4500
001 WB3915-21
008 030423n2003 000 0 eng u
035 _a(Sirsi) u122067
245 _aContracts in use survey
260 _c2003
490 _aRICS Press Release
_v17 April 2003 (1)
520 _aThe latest RICS Construction faculty "Contracts in use" survey for 2001 has been produced by Davis, Langdon and Everest. It sampled private practices and public authorities listed as employing chartered quantity surveyors. The JCT suite of contracts is shown to be used in 91% of all contracts. Copies of the survey are available from t +44 (0)20 7334 3733 or [email protected] or downloadable from http://www.rics.org/downloads/contracts_in_use.pdf http://www.rics.org/ricscms/bin/show?class=PressRelease&template=/includes/showpr.html&id=900
590 _aWB
650 _aBUILT ENVIRONMENT-BUILDING CONTRACT FORMS-STANDARD FORMS OF BUILDING CONTRACT-JOINT CONTRACTS TRIBNUAL CONTRACTS
650 _aSURVEYS
650 _aBUILT ENVIRONMENT-BUILDING CONTRACT FORMS
690 _aQuantity surveying
_96263
942 _n0
999 _c72531
_d72531